1641 1647 1573 1185 1242 1817 1300 1775 1771 1685 1053 1302 1765 1970 1458 1682 1069 1478 1302 1534 1624 1912 1020 1812 1431 1496 1207 1457 1483 1910 1226 1041 1921 1938 1182 1768 1822 1731 1365 1633 1038 1280 1927 1217 1163 1351 1719 1686 1912 1862 1095 1901 1309 1760 1173 1471 1521 1457 1488 1858 1802 1041 1602 1159 1351 1608 1652 1364 1139 1637 1517 1524 1859 1486 1655 1999 1553 1978 1768 1669 1158 1566 1786 1773 1053 1237 1517 1609 1741 1722 1439 1853 1760 1147 1967 1646 1093 1937 1141 BCNSPRNW ULIB Ver.6.0+V

เปลี่ยนเป็นภาษาไทย

Change to English
 แสดงรายละเอียดบรรณานุกรม
  กลับหน้าหลัก

Brief Record : Get Marc (ISO 2709) : E-mail record : QR code < ปิดหน้าต่าง
LEADER : 00000nam 2200000uu 4500
001    13399125754
003     ULIB
008    170830s2559||||th 000 0 tha d
020    ^a9786162799112
060 04 ^aWM34^bต367 2559
245 00 ^aตำราพฤติกรรมศาสตร์ทางการแพทย์ /^cมาโนช หล่อตระกูล, ธนิตา ตันตระรุ่งโรจน์,นิดา ลิ้มสุวรรณ, บรรณาธิการ
250    ^aฉบับเรียบเรียงครั้งที่ 2
260    ^aกรุงเทพฯ :^bภาควิชาจิตเวชศาสตร์ คณะแพทยศาสตร์โรงพยาบาลรามาธิบดี มหาวิทยาลัยมหิดล,^c2559, [2016]
300    ^aix, 181 หน้า :^bภาพประกอบ ;^c21 ซม.
505 0  ^a--ทฤษฎีเกี่ยวกับบุคลิกภาพ --พัฒนาการตลอดช่วงชีวิตมนุษย์: วัยเด็กและวัยรุ่น --พัฒนาการตลอดช่วงชีวิตมนุษย์: วัยผู้ใหญ่และวัยสูงอายุ --สมองและพฤติกรรม --สารส่งผ่านประสาทและพฤติกรรม --ความเครียดและการปรับตัว --การใช้สารออกฤทธิ์ต่อจิตประสาท --พฤติกรรมเสี่ยง
505 0  ^a--ความผิดปกติทางจิตเวช (1) --ความผิดปกติทางจิตเวช (2) --การรักษาทางจิตเวช --พฤติกรรมสุขภาพและพฤติกรรมการเจ็บป่วย -- ความเจ็บป่วยและครอบครัว --การสัมภาษณ์ทางเวชปฏิบัติ --เวชจริยศาสตร์ --สติในเวชปฏิบัติ
650  4 ^aพฤติกรรมศาสตร์
700 0  ^aมาโนช หล่อตระกูล,^eบรรณาธิการ
700 0  ^aธนิตา ตันตระรุ่งโรจน์,^eบรรณาธิการ
700 0  ^aนิดา ลิ้มสุวรรณ,^eบรรณาธิการ
710 2  ^aมหาวิทยาลัยมหิดล^bคณะแพทยศาสตร์โรงพยาบาลรามาธิบดี^bภาควิชาจิตเวชศาสตร์
945    ^p0^l0^i003056
945    ^p0^l0^i003057
945    ^p0^l0^i003058
945    ^p0^l0^i003059
945    ^p0^l0^i003060
945    ^p0^l0^i003061
945    ^p0^l0^i003062
945    ^p0^l0^i003063
945    ^p0^l0^i003064
945    ^p0^l0^i003065
999    ^aประนอม เกษจรัล
รายการนี้ยังไม่มีแท็ก
คุณยังไม่ได้ล็อกอิน คุณสามารถมีกิจกรรมร่วมกับเว็บไซต์ได้ แต่ต้องล็อกอินก่อน ::
  ล็อกอิน

รายการสื่อสารสนเทศ

ลำดับที่ ประเภท เลขเรียก/บาร์โค้ด สถานที่ สถานะ
1. วิทยาศาสตร์การแพทย์ และสุขภาพ
วิทยาศาสตร์การแพทย์ และสุขภาพ
สถานะ=หนังสือเก่า
WM34 ต367 2559 ฉ.1 
  Barcode: 003056
ห้องสมุดวิทยาเขตสวรรค์ประชารักษ์
►ส่วนจัดเก็บหนังสือเก่า สปร
บนชั้น
  ขอยืม
2. วิทยาศาสตร์การแพทย์ และสุขภาพ
วิทยาศาสตร์การแพทย์ และสุขภาพ
สถานะ=หนังสือเก่า
WM34 ต367 2559 ฉ.10 
  Barcode: 003065
ห้องสมุดวิทยาเขตสวรรค์ประชารักษ์
►ส่วนจัดเก็บหนังสือเก่า สปร
บนชั้น
  ขอยืม
3. วิทยาศาสตร์การแพทย์ และสุขภาพ
วิทยาศาสตร์การแพทย์ และสุขภาพ
สถานะ=หนังสือเก่า
WM34 ต367 2559 ฉ.2 
  Barcode: 003057
ห้องสมุดวิทยาเขตสวรรค์ประชารักษ์
►ส่วนจัดเก็บหนังสือเก่า สปร
บนชั้น
  ขอยืม
4. วิทยาศาสตร์การแพทย์ และสุขภาพ
วิทยาศาสตร์การแพทย์ และสุขภาพ
สถานะ=หนังสือเก่า
WM34 ต367 2559 ฉ.3 
  Barcode: 003058
ห้องสมุดวิทยาเขตสวรรค์ประชารักษ์
►ส่วนจัดเก็บหนังสือเก่า สปร
บนชั้น
  ขอยืม
5. วิทยาศาสตร์การแพทย์ และสุขภาพ
วิทยาศาสตร์การแพทย์ และสุขภาพ
สถานะ=หนังสือเก่า
WM34 ต367 2559 ฉ.4 
  Barcode: 003059
ห้องสมุดวิทยาเขตสวรรค์ประชารักษ์
►ส่วนจัดเก็บหนังสือเก่า สปร
บนชั้น
  ขอยืม
6. วิทยาศาสตร์การแพทย์ และสุขภาพ
วิทยาศาสตร์การแพทย์ และสุขภาพ
สถานะ=หนังสือเก่า
WM34 ต367 2559 ฉ.5 
  Barcode: 003060
ห้องสมุดวิทยาเขตสวรรค์ประชารักษ์
►ส่วนจัดเก็บหนังสือเก่า สปร
บนชั้น
  ขอยืม
7. วิทยาศาสตร์การแพทย์ และสุขภาพ
วิทยาศาสตร์การแพทย์ และสุขภาพ
สถานะ=หนังสือเก่า
WM34 ต367 2559 ฉ.6 
  Barcode: 003061
ห้องสมุดวิทยาเขตสวรรค์ประชารักษ์
►ส่วนจัดเก็บหนังสือเก่า สปร
บนชั้น
  ขอยืม
8. วิทยาศาสตร์การแพทย์ และสุขภาพ
วิทยาศาสตร์การแพทย์ และสุขภาพ
สถานะ=หนังสือเก่า
WM34 ต367 2559 ฉ.7 
  Barcode: 003062
ห้องสมุดวิทยาเขตสวรรค์ประชารักษ์
►ส่วนจัดเก็บหนังสือเก่า สปร
บนชั้น
  ขอยืม
9. วิทยาศาสตร์การแพทย์ และสุขภาพ
วิทยาศาสตร์การแพทย์ และสุขภาพ
สถานะ=หนังสือเก่า
WM34 ต367 2559 ฉ.8 
  Barcode: 003063
ห้องสมุดวิทยาเขตสวรรค์ประชารักษ์
►ส่วนจัดเก็บหนังสือเก่า สปร
บนชั้น
  ขอยืม
10. วิทยาศาสตร์การแพทย์ และสุขภาพ
วิทยาศาสตร์การแพทย์ และสุขภาพ
สถานะ=หนังสือเก่า
WM34 ต367 2559 ฉ.9 
  Barcode: 003064
ห้องสมุดวิทยาเขตสวรรค์ประชารักษ์
►ส่วนจัดเก็บหนังสือเก่า สปร
บนชั้น
  ขอยืม

รายการใกล้เคียง
    หัวเรื่อง [พฤติกรรมศาสตร์]

BibComment


ยังไม่เคยถูกคอมเมนท์

คอมเมนท์ทรัพยากรรายการนี้
  คอมเมนท์: ตำราพฤติกรรมศาสต..


 Copyright 2026. Bcnsprnw @Library